000 00347nam a2200133Ia 4500
008 240624s9999 xx 000 0 und d
041 _aeng
082 _a828 ALI
100 _aALI FARZANA S
245 _aPARTITION THE TRAUMA OF PARTITIONED LIVE
260 _c2013
_aNew Delhi
_bDattsons
300 _axiv, : 269 : p. : cm. ; 22
365 _cRS
_b25
999 _c23869
_d23869